Las décimas de Huchi Lora (1) / (Registro nro. 14359)

Detalles MARC
000 -LEADER
fixed length control field 00987nam a2200253 u 4500
001 - CONTROL NUMBER
control field 000020490
003 - CONTROL NUMBER IDENTIFIER
control field DO-SdBNP
005 - DATE AND TIME OF LATEST TRANSACTION
control field 20221213123757.0
007 - PHYSICAL DESCRIPTION FIXED FIELD--GENERAL INFORMATION
fixed length control field ta
008 - FIXED-LENGTH DATA ELEMENTS--GENERAL INFORMATION
fixed length control field 100809s1992 dr r 000 0 spa d
040 ## - CATALOGING SOURCE
Original cataloging agency DO-SdBNP
Language of cataloging spa
Transcribing agency BPMSU
082 #4 - DEWEY DECIMAL CLASSIFICATION NUMBER
Classification number RD861.44
Item number L865d 1992
Edition number 22
100 1# - MAIN ENTRY--PERSONAL NAME
Personal name Lora, Huchi
Dates associated with a name 1947-
245 14 - TITLE STATEMENT
Title Las décimas de Huchi Lora (1) /
Statement of responsibility, etc. Huchi Lora , selección Luis Beiro Álvarez ; ilustraciones Osiris Gómez.
260 ## - PUBLICATION, DISTRIBUTION, ETC. (IMPRINT)
Place of publication, distribution, etc. Santo Domingo :
Name of publisher, distributor, etc. Editora de Colores,
Date of publication, distribution, etc. 1992.
300 ## - PHYSICAL DESCRIPTION
Extent 326 p. :
Other physical details il. ;
Dimensions 21 cm.
505 ## - FORMATTED CONTENTS NOTE
Formatted contents note Sociales 39 -- Cibaeñas 89 -- Servicios de salud 105 -- Judiciales 129 -- Protestas 165 -- Apagones 175 -- Gobierno 187 -- Oposición 241 -- Bancarias 259 -- Drogas 267 -- Internacionales 275 -- Quinto centenario 297 -- Merengues 305
590 ## - LOCAL NOTE (RLIN)
Local note Inventariado, 2022/VM
650 #4 - SUBJECT ADDED ENTRY--TOPICAL TERM
Topical term or geographic name as entry element Poesía dominicana
650 #4 - SUBJECT ADDED ENTRY--TOPICAL TERM
Topical term or geographic name as entry element Literatura dominicana
700 z# - ADDED ENTRY--PERSONAL NAME
Personal name Álvarez, Luis Beiro
910 ## - USER-OPTION DATA (OCLC)
User-option data VMateoV./Validado
942 ## - ADDED ENTRY ELEMENTS (KOHA)
Source of classification or shelving scheme Dewey Decimal Classification
Koha item type Libros
Existencias
Withdrawn status Lost status Source of classification or shelving scheme Damaged status Not for loan Collection code Home library Current library Date acquired Total Checkouts Full call number Barcode Date last seen Price effective from Koha item type
    Dewey Decimal Classification     Colección Dominicana Biblioteca Pública Metropolitana Salomé Ureña Biblioteca Pública Metropolitana Salomé Ureña 12/13/2022   BPMSU CD RD861.44 L865d 1992 BPMSU22120006 12/13/2022 12/13/2022 Libros